000 00372 a2200169 4500
001 173538
020 _a85-08-04734-7
040 _cMagnum
100 _aAzevedo, Ricardo
240 1 0 _aMenino de orelha em pé
_lpor
245 1 0 _aMenino de orelha em pé
300 _a23
362 0 _a1997
440 1 _aÁtica
697 _aLITERATURA INFANTO-JUVENIL
942 _cBK
999 _c173538
_d173538